000 00592nam a2200217Ia 4500
005 20250923145830.0
008 008 250917s9999 xx 000 0 eng d
037 _aTextual
040 _aDSWL
_beng
_cDSWL
041 _aeng
_2eng
084 _aYXx2, N89
_qDSWL
100 _aNayak, R.K.
_9839382
245 0 _aSocial work and social development
_c by R.K. Nayak
260 _aNew Delhi
_bGitanjali
_c1989
300 _ax,142p.
365 _aINR
_b150.00
700 _a H.Y. Siddi
_9839383
925 _g150.00
942 _cTEXL
_hYXx2, N89
999 _c1456241
_d1456241